IndyCar Podium Finishers Since Reunification - Statistics

General Stats
  • This quiz has been taken 406 times
    26 since last reset
  • The average score is 40 of 61
Answer Stats
Number Driver Country % Correct
48 Álex Palou Spain
100%
50 Hélio Castroneves Brazil
100%
62 Josef Newgarden United States
100%
12 Juan Pablo Montoya Colombia
100%
118 Scott Dixon New Zealand
100%
14 Takuma Sato Japan
100%
102 Will Power Australia
100%
20 Colton Herta United States
94%
9 Dan Wheldon United Kingdom
94%
8 Felix Rosenqvist Sweden
94%
32 Pato O'Ward Mexico
94%
13 Sébastien Bourdais France
94%
37 Simon Pagenaud France
94%
1 Kyffin Simpson Cayman Islands
88%
11 Marcus Ericsson Sweden
88%
44 Ryan Hunter-Reay United States
88%
23 Scott McLaughlin New Zealand
88%
4 Danica Patrick United States
81%
36 Dario Franchitti United Kingdom
81%
3 Ed Jones United Arab Emirates
81%
12 Justin Wilson United Kingdom
81%
16 Marco Andretti United States
81%
5 Rinus VeeKay Netherlands
81%
6 Romain Grosjean France
81%
37 Tony Kanaan Brazil
81%
30 Alexander Rossi United States
75%
12 Christian Lundgaard Denmark
75%
2 Christian Rasmussen Denmark
75%
2 Conor Daly United States
75%
31 Graham Rahal United States
75%
18 James Hinchcliffe Canada
75%
2 Marcus Armstrong New Zealand
75%
7 Carlos Muñoz Colombia
69%
1 Jack Harvey United Kingdom
69%
8 Kyle Kirkwood United States
69%
2 Linus Lundqvist Sweden
69%
1 Simona de Silvestro Switzerland
69%
9 Ed Carpenter United States
63%
27 Ryan Briscoe Australia
63%
5 David Malukas United States
56%
7 Mike Conway United Kingdom
56%
2 Mikhail Aleshin Russia
56%
1 Carlos Huertas Colombia
50%
2 Hideki Mutoh Japan
50%
3 Santino Ferrucci United States
50%
6 Charlie Kimball United States
44%
1 E.J. Viso Venezuela
38%
3 Oriol Servià Spain
38%
4 Robert Wickens Canada
38%
3 J.R. Hildebrand United States
31%
2 James Jakes United Kingdom
25%
1 Sage Karam United States
25%
1 Jack Hawksworth United Kingdom
19%
1 Mario Domínguez Mexico
19%
1 Oliver Askew United States
19%
1 Spencer Pigot United States
19%
2 Vítor Meira Brazil
19%
1 Darren Manning United Kingdom
13%
1 Franck Montagny France
13%
1 Luca Filippi Italy
13%
1 Mario Moraes Brazil
13%
No matching quizzes found
Score Distribution
Percent of People with Each Score
Percentile by Number Answered
Your Score History
You have not taken this quiz since the last reset